=LDR 00000nam 2200000 4500 =001 INLIS000000000059150 =005 20211025124722 =035 ##$$a 0010-1021000598 =007 ta =008 211025###########################0#ind## =020 ##$$a 978-979-769-212-4 =082 ##$$a 336.1 =084 ##$$a 336.1 Muh h =245 1#$$a Hukum Penerimaan Negara Bukan Pajak /$c Prof. Dr. Muhammad Djafar Saidi, SH., MH =250 ##$$a cet 2 =300 ##$$a 186 halaman ; $c 20 cm =650 #4$$a Penghasilan Negara Bukan Pajak =264 ##$$a Jakarta :$b Rajawali Press,$c 2010 =336 ##$$a teks$2 rdacontent =337 ##$$a lain-lain$2 rdamedia =338 ##$$a lain-lain$2 rdacarrier =990 ##$$a 24222422 =990 ##$$a 24222422